Central Library OPAC University of Rajshahi

Sowing : (Record no. 23714)

MARC details
000 -LEADER
fixed length control field 00729nam a2200253u 4500
001 - CONTROL NUMBER
control field 23714
003 - CONTROL NUMBER IDENTIFIER
rucl marc code BD-RjUL
005 - DATE AND TIME OF LATEST TRANSACTION
control field 20211209000949.0
008 - FIXED-LENGTH DATA ELEMENTS--GENERAL INFORMATION
fixed length control field 140311r19611960enka 001 0aeng
035 ## - SYSTEM CONTROL NUMBER
System control number (BD-RjUL)23779
040 ## - CATALOGING SOURCE
Original cataloging agency DLC
Transcribing agency CarP
Modifying agency BD-RjUL
Language of cataloging eng
041 ## - LANGUAGE CODE
Language code of text/sound track or separate title eng
082 04 - DEWEY DECIMAL CLASSIFICATION NUMBER
Classification number 928.2
Author mark and year WOS 1961
100 1# - MAIN ENTRY--PERSONAL NAME
Personal name Woolf, Leonard
Dates associated with a name 1880-1969.
9 (RLIN) 14762
245 10 - TITLE STATEMENT
Title Sowing :
Remainder of title an autobiography of the years 1880-1904 /
Statement of responsibility, etc. Leonard Woolf.
260 ## - PUBLICATION, DISTRIBUTION, ETC. (IMPRINT)
Place of publication, distribution, etc. London :
Name of publisher, distributor, etc. Hogarth Press,
Date of publication, distribution, etc. c1960 [reprint 1961].
300 ## - PHYSICAL DESCRIPTION
Pagination 205 p. :
Illustrations ill. ;
Size 22 cm.
504 ## - BIBLIOGRAPHY, ETC. NOTE
Bibliography, etc Includes index.
600 1# - SUBJECT ADDED ENTRY--PERSONAL NAME
Personal name Woolf, Leonard
650 ## - SUBJECT ADDED ENTRY--TOPICAL TERM
Topical term or geographic name as entry element Authors
Form subdivision Biography.
9 (RLIN) 54194
942 ## - ADDED ENTRY ELEMENTS (KOHA)
Source of classification or shelving scheme Dewey Decimal Classification
Koha item type Books
Holdings
Lost status Source of classification or shelving scheme Damaged status Not for loan Collection code Permanent Location Current Location Shelving location Date acquired Source of acquisition Cost, normal purchase price Total Checkouts Full call number Date last seen Copy number Koha item type
  Dewey Decimal Classification   Added to bundle Non-fiction Central Library, University of Rajshahi Central Library, University of Rajshahi Reading Room 12/03/1964 Zetlinger 21.00   928.2 WOS 1961 11/03/2014 C-1 Books